Fanny : la vita erotica di un gentiluomo inglese /

محفوظ في:
التفاصيل البيبلوغرافية
التنسيق: كتاب
اللغة:الإيطالية
منشور في: Torino : Dellavalle, (1971!
الوسوم: إضافة وسم
لا توجد وسوم, كن أول من يضع وسما على هذه التسجيلة!

MARC

LEADER 00000nam a22000007i 4500
001 IT\ICCU\TO0\0641098
003 ItRI
005 20260115232446.0
008 980908s1971 it |||||| ||||| |||||c
040 |b ita  |c importazione bologna sebina 
041 7 |a ita  |2 ISO-639-2 
130 0 |a Randiana.  |3 IT\ICCU\TO0\0641099  |9 Anonimo 
245 0 0 |a Fanny :  |b la vita erotica di un gentiluomo inglese /  |c Anonimo. 
260 |a Torino :  |b Dellavalle,  |c (1971! 
300 |a 181 p. ;  |c 20 cm 
500 |a Trad. di Giuseppe Sardo. 
942 |2 ddc  |c BK  |n 0 
952 |0 0  |1 0  |4 0  |6 DOC_823_000000000000000_ANO  |7 0  |9 26134  |a BO  |b BO  |d 2026-01-15  |i 838  |l 0  |o DOC 823 ANO  |p BO838  |r 2026-01-15 23:24:47  |w 2026-01-15  |x [Sebina 5] [1 v.]  |y BK  |z 1 v. 
999 |c 22120  |d 22120